00443cam a22001692 4500001001100000005001700011008004100028020001200069040001500081050002200096100003100118245004100149250001300190260003300203300001100236650002600247000000205120151217155815.0070402s xx 000 0 eng d cKES 657 aKABUcKABU 0aHF1008b.G53 19911 aGichira, R. N.@000015126810aCommerce for Kenya /cR. N. Gichira. arev. ed. aNairobi :bMacmillan,c1991. a344 p. 0aCommerce.@0000151269